Bahasa Kita : Malay Language -Usage, Malay Language- Grammar

Bibliographic Details
Main Author: Ismail bin Dahaman
Format: Book
Published: Selangor : Dewan Bahasa dan Pustaka , 1997

MARC

LEADER 00000cam a2200000 7i4500
001 0000081304
005 20181027.0
008 181027
020 |a 9789836252333 
020 |a 9836252339 
090 0 0 |a 499.30294595   |b ISM 
100 0 |a Ismail bin Dahaman 
245 0 0 |a Bahasa Kita :   |b Malay Language -Usage, Malay Language- Grammar 
260 |a Selangor :   |b Dewan Bahasa dan Pustaka ,   |c 1997 
500 |a Adult 
999 |a 0000772233   |b Book   |c Adult Collection   |e Cawangan Bandar Penawar